[Event "FICGS rapid A 000052 email"]
[Site "FICGS email"]
[Date "2008.10.28"]
[Round "1"]
[White "Chauvet, Nicolas"]
[Black "Schmid, Pablo"]
[Result "1/2-1/2"]
[WhiteElo "1959"]
[BlackElo "2035"]
[PlyCount "37"]
[EventDate "2008.??.??"]
[EventType "tourn (rapid)"]
[EventRounds "6"]
[SourceTitle "Corr 2022"]
[Source "ChessBase"]
[SourceDate "2021.10.24"]
[SourceVersion "1"]
[SourceVersionDate "2021.10.24"]
[SourceQuality "1"]

1. f4 e5 2. fxe5 d6 3. exd6 Bxd6 4. Nf3 g5 5. d4 g4 6. Ne5 Bxe5 7. dxe5 Qxd1+ 8. Kxd1 Nc6 9. Nc3 Be6 10. Bg5 a6 11. Ke1 Nxe5 12. Rd1 f6 13. Bf4 Ne7 14. g3 Rd8 15. Bg2 Rxd1+ 16. Kxd1 Bc8 17. Rf1 0-0 18. Kc1 Rd8 19. Be4 1/2-1/2

[Event "FICGS rapid A 000052 email"]
[Site "FICGS email"]
[Date "2008.10.28"]
[Round "1"]
[White "Nichols, Scott"]
[Black "Chauvet, Nicolas"]
[Result "1-0"]
[WhiteElo "1980"]
[BlackElo "1959"]
[PlyCount "69"]
[EventDate "2008.??.??"]
[EventType "tourn (rapid)"]
[EventRounds "6"]
[SourceTitle "Corr 2022"]
[Source "ChessBase"]
[SourceDate "2021.10.24"]
[SourceVersion "1"]
[SourceVersionDate "2021.10.24"]
[SourceQuality "1"]

1. e4 e6 2. d4 d5 3. Nc3 Bb4 4. e5 c5 5. a3 Bxc3+ 6. bxc3 Ne7 7. Qg4 0-0 8. Bd3 Nbc6 9. Nf3 f5 10. exf6 Rxf6 11. Bg5 e5 12. Qh4 e4 13. Bxf6 gxf6 14. Qxf6 exd3 15. cxd3 cxd4 16. Nxd4 Nxd4 17. Qxd4 Nc6 18. Qe3 d4 19. cxd4 Bf5 20. 0-0 Qxd4 21. Qg5+ Bg6 22. Rab1 Rb8 23. Rb5 Qxd3 24. h4 a6 25. Rd5 h6 26. Rxd3 hxg5 27. Rd6 Bf5 28. hxg5 Re8 29. Rd5 Bc8 30. f4 Rf8 31. Kh2 Ne7 32. Rc5 b6 33. Rc7 Nd5 34. Rc6 Kg7 35. Re1 1-0

[Event "FICGS rapid A 000052 email"]
[Site "FICGS email"]
[Date "2008.10.28"]
[Round "1"]
[White "Riha, Josef"]
[Black "Chauvet, Nicolas"]
[Result "1/2-1/2"]
[WhiteElo "1953"]
[BlackElo "1959"]
[PlyCount "70"]
[EventDate "2008.??.??"]
[EventType "tourn (rapid)"]
[EventRounds "6"]
[SourceTitle "Corr 2022"]
[Source "ChessBase"]
[SourceDate "2021.10.24"]
[SourceVersion "1"]
[SourceVersionDate "2021.10.24"]
[SourceQuality "1"]

1. e4 e6 2. d4 d5 3. Nc3 Bb4 4. e5 c5 5. a3 Bxc3+ 6. bxc3 Ne7 7. Qg4 0-0 8. Bd3 Nbc6 9. Qh5 Ng6 10. Nf3 Qc7 11. Be3 c4 12. Bxg6 fxg6 13. Qg4 Bd7 14. h4 Rf5 15. Ng5 Raf8 16. 0-0 Qa5 17. Bd2 Qa4 18. Qd1 Rb8 19. Be3 Ne7 20. Qd2 Rff8 21. f3 Nf5 22. Bf2 Qa5 23. g4 Ne7 24. Kg2 b5 25. Rh1 Qd8 26. Be3 Qe8 27. Nh3 Qf7 28. Nf4 g5 29. hxg5 Ng6 30. Kg3 Nxf4 31. Bxf4 Be8 32. Rhf1 a5 33. Be3 Qe7 34. Rfb1 Bg6 35. Kg2 Qf7 1/2-1/2

[Event "FICGS class C 000097 email"]
[Site "FICGS email"]
[Date "2008.10.20"]
[Round "1"]
[White "Kalinin, Valery"]
[Black "Chauvet, Nicolas"]
[Result "0-1"]
[WhiteElo "1775"]
[BlackElo "1959"]
[PlyCount "58"]
[EventDate "2008.??.??"]
[EventType "tourn (corr)"]
[EventRounds "4"]
[SourceTitle "Corr 2022"]
[Source "ChessBase"]
[SourceDate "2021.10.24"]
[SourceVersion "1"]
[SourceVersionDate "2021.10.24"]
[SourceQuality "1"]

1. e4 e6 2. d4 d5 3. Nd2 Nf6 4. e5 Nfd7 5. f4 c5 6. c3 Nc6 7. Ngf3 Qb6 8. Nb3 a5 9. a4 Be7 10. Be2 0-0 11. 0-0 f5 12. c4 cxd4 13. Nfxd4 Nxd4 14. Nxd4 Bc5 15. Be3 Rd8 16. Rc1 Nb8 17. Qd2 Nc6 18. Rfd1 Nxd4 19. Bxd4 dxc4 20. Rxc4 Rxd4 21. Rxd4 Bd7 22. Kf1 Bxd4 23. Qxd4 Qxd4 24. Rxd4 Rd8 25. Bc4 Kf8 26. Ke2 Ke7 27. Ke3 Rc8 28. b3 h6 29. Rd6 Rc6 0-1